000 00953cam a22003253a 4500
001 31405
003 PGUSA
005 20140828083659.0
008 100225s2010||||xxu|||||s|||||000 | eng d
040 _aPGUSA
_beng
042 _adc
050 4 _aPR
100 1 _aShakespeare, William,
_d1564-1616
245 1 0 _aΗ τρικυμία
_h[electronic resource] /
_cWilliam Shakespeare
260 _bProject Gutenberg,
_c2010
500 _aTranslation of "The Tempest"
506 _aPublic domain in the USA.
516 _aElectronic text
653 _aFathers and daughters -- Drama
653 _aTragicomedy
653 _aIslands -- Drama
653 _aMagicians -- Drama
653 _aSpirits -- Drama
653 _aPolitical refugees -- Drama
653 _aShipwreck victims -- Drama
700 1 _aPolylas, Iakovos,
_d1826-1898
830 0 _aProject Gutenberg
_v31405
856 4 0 _uhttp://www.gutenberg.org/ebooks/31405
942 _cEB
999 _c260660
_d260660